000 00474pab a2200157 454500
008 180718b2003 xxu||||| |||| 00| 0 eng d
100 _aOaikhenan, Hassan E.
245 _aThe impact of economic reform on the behaviour of stock prices: empirical evidence from the Nigerian stock market
260 _c2003
300 _ap.287-304.
362 _aJan
650 _aFinancial markets
650 _aEconomic reform
773 _aIndian Journal of Economics
909 _a56401
999 _c56401
_d56401